Central Library OPAC University of Rajshahi

মুসলিম সাহিত্য সমাজ-এর বার্ষিক অধিবেশন : (Record no. 63476)

MARC details
000 -LEADER
fixed length control field 00996nam a2200241 a 4500
001 - CONTROL NUMBER
control field 63476
003 - CONTROL NUMBER IDENTIFIER
rucl marc code BD-RjUL
005 - DATE AND TIME OF LATEST TRANSACTION
control field 20211209081212.0
008 - FIXED-LENGTH DATA ELEMENTS--GENERAL INFORMATION
fixed length control field 170130s2002 bg ||||| |||| 00| e ben d
020 ## - INTERNATIONAL STANDARD BOOK NUMBER
International Standard Book Number 9840742434
Terms of availability : Tk. 100.00
035 ## - SYSTEM CONTROL NUMBER
System control number (BD-RjUL)63605
040 ## - CATALOGING SOURCE
Original cataloging agency BD-RjUL
Language of cataloging ben
Transcribing agency BD-RjUL
041 ## - LANGUAGE CODE
Language code of text/sound track or separate title ben
082 ## - DEWEY DECIMAL CLASSIFICATION NUMBER
Edition number 23
Classification number 891.444
Author mark and year MUS 2002
245 10 - TITLE STATEMENT
Title মুসলিম সাহিত্য সমাজ-এর বার্ষিক অধিবেশন :
Remainder of title সভাপতিদের অভিভাষণ /
Statement of responsibility, etc. হাবিব রহমান সম্পাদিত
260 ## - PUBLICATION, DISTRIBUTION, ETC. (IMPRINT)
Place of publication, distribution, etc. ঢাকা :
Name of publisher, distributor, etc. বাংলা একাডেমী,
Date of publication, distribution, etc. ২০০২
300 ## - PHYSICAL DESCRIPTION
Pagination ১৭৪ পৃ. ;
Size ২৩ সেমি.
504 ## - BIBLIOGRAPHY, ETC. NOTE
Bibliography, etc তথ্যপঞ্জি সংযুক্ত
650 ## - SUBJECT ADDED ENTRY--TOPICAL TERM
Topical term or geographic name as entry element বাংলা প্রবন্ধ
9 (RLIN) 170454
Topical term or geographic name as entry element Bengali Essays
9 (RLIN) 170481
700 ## - ADDED ENTRY--PERSONAL NAME
Personal name রহমান, হাবিব, সম্পাদক
942 ## - ADDED ENTRY ELEMENTS (KOHA)
Source of classification or shelving scheme Dewey Decimal Classification
Koha item type Books
Holdings
Lost status Source of classification or shelving scheme Damaged status Not for loan Collection code Permanent Location Current Location Shelving location Date acquired Source of acquisition Cost, normal purchase price Total Checkouts Full call number Date last seen Copy number Koha item type
  Dewey Decimal Classification   Not For Loan Non-fiction Central Library, University of Rajshahi Central Library, University of Rajshahi Reading Room 09/06/2011 Bangla Academy, Dhaka 100.00   B 891.444 MUS 2002 30/01/2017 C-1 Books